000 00842nam a2200253Ia 4500
003 OSt
005 20221005111446.0
006 a|||||r|||| 00| 0
007 ta
008 221004b |||||||| |||| 00| 0 hin d
020 _a8181432061 (hbk)
_c150
024 _a97679
037 _b561-A, 23/03/2009, Vani Prakashan
_cTextual
040 _aCRL
_cCRL
_bhin
041 _2hin
_ahin
082 _aO152,1:g, P4
100 _aनरेश
245 0 _aहिन्दी ग़ज़ल - दशा और दिशा
246 _aHindī ग़ज़l - dashā aur dishā
260 _aनई दिल्ली
_bवाणी प्रकाशन भारत
_c2004
300 _a94पृ0
_ccm.
942 _hO152,1:g, P4
_cTEXL
_2cc
999 _c1021888
_d1021888